000 00578nam a2200193Ia 4500
005 20250326144622.0
008 250326s9999 xx 000 0 und d
037 _aTextbook
040 _aFMSL
_beng
_cFMSL
041 _aeng
_2eng
084 _aX:8Ng P9
_qFMSL
100 _aSriramesh K
_9740953
245 0 _aGlobal public relations handbook : theory, research and practice
_cSriramesh K; Vercic D
260 _aLondon
_bLondon, Routledge
_c2009
365 _b13942.200000000001
650 _aManagement
942 _cTB
_hX:8Ng P9
999 _c1304346
_d1304346